Normal view
MARC view
Entry Personal Name
001 - CONTROL NUMBER
- control field: 3669
003 - CONTROL NUMBER IDENTIFIER
- control field: BD-RjUL
005 - DATE AND TIME OF LATEST TRANSACTION
- control field: 20220616154133.0
008 - FIXED-LENGTH DATA ELEMENTS
- fixed length control field: 220616|| aca||aabn | a|a d
040 ## - CATALOGING SOURCE
- Original cataloging agency: BD-RjUL
- Transcribing agency: BD-RjUL
100 ## - HEADING--PERSONAL NAME
- Personal name: দেবনাথ, আর এম
670 ## - SOURCE DATA FOUND
- Source citation: Work cat.: (BD-RjUL)79977: দেবনাথ, আর এম , তাঁত ও জাহাজ শিল্পে বাঙালি / , ২০২০